000 01044nam a2200265Ia 4500
003 OSt
005 20221005111035.0
006 a|||||r|||| 00| 0
007 ta
008 221004b |||||||| |||| 00| 0 hin d
020 _a9788183616768 (hbk)
_c700
024 _a21096
037 _bBR8399, 21/03/2015, Rajkamal Prakashan Pvt. Ltd.
_cTextual
040 _aCRL
_cCRL
_bhin
041 _2hin
_ahin
082 _aM.2712, 152Q4
100 _aवैष्णव, हरिहर
245 0 _aबस्तर की आदिवासी एवं लोक हस्तशिल्प परम्परा
246 _aBastar kī ādivāsī evan lok hastashilpa paramparā
260 _aनई दिल्ली
_bराधाकृष्ण भारत
_c2014
300 _a335पृ0
_ccm.
650 _aल्थ्ल्त् क्ल्ज्ञ
942 _hM.2712, 152Q4
_cTEXL
_2cc
999 _c1020627
_d1020627